Собрание сочинений. Т. 1: Сказки | Стихи | Английские песенки, прибаутки | Чешские песенки, прибаутки | Пьесы (Запись № 1630784)

Подробности
000 -МАРКЕР
контрольное поле 01403nam2a2200289 4500
001 - ИДЕНТИФИКАТОР ЗАПИСИ
контрольное поле RU\NLR\bibl\887755
005 - ИДЕНТИФИКАТОР ВЕРСИИ
контрольное поле 20260406145954.0
010 ## - МЕЖДУНАРОДНЫЙ СТАНДАРТНЫЙ НОМЕР КНИГИ (ISBN)
Номер (ISBN) 5-17-023722-7
Уточнения т. 1
010 ## - МЕЖДУНАРОДНЫЙ СТАНДАРТНЫЙ НОМЕР КНИГИ (ISBN)
Номер (ISBN) 5-271-09427-8
Уточнения т. 1
Тираж 3000
021 ## - НОМЕР ГОСУДАРСТВЕННОЙ РЕГИСТРАЦИИ
Код страны Российская Федерация
Номер 2005-59578
Номер Листа государственной регистраци 2924
035 ## - ДРУГИЕ СИСТЕМНЫЕ НОМЕРА
Идентификатор записи (NLR Aleph) 000876282
100 ## - ДАННЫЕ ОБЩЕЙ ОБРАБОТКИ
Данные общей обработки 20051213d2005 |||y0rusy50 ca
101 0# - ЯЗЫК РЕСУРСА
Язык текста, звукозаписи и т.д. русский
102 ## - СТРАНА ПУБЛИКАЦИИ ИЛИ ПРОИЗВОДСТВА
Страна публикации Российская Федерация
105 ## - ПОЛЕ КОДИРОВАННЫХ ДАННЫХ: ТЕКСТОВЫЕ МАТЕРИАЛЫ, МОНОГРАФИЧЕСКИЕ
Кодированные данные о монографическом текстовом документе a |||||||||
200 1# - ЗАГЛАВИЕ И СВЕДЕНИЯ ОБ ОТВЕТСТВЕННОСТИ
Основное заглавие Сказки
-- Стихи
-- Английские песенки, прибаутки
-- Чешские песенки, прибаутки
-- Пьесы
210 ## - ПУБЛИКАЦИЯ, РАСПРОСТРАНЕНИЕ И ДР.
Дата издания, распространения и т.д. 2005
Место издания, распространения и т.д. Б. м.
215 ## - ФИЗИЧЕСКАЯ ХАРАКТЕРИСТИКА
Специфическое обозначение материала и объем 350,[1] с., [8] л. цв. ил.
Другие сведения о физической характеристике ил., портр.
461 #0 - УРОВЕНЬ НАБОРА
Встроенное поле 001RU\NLR\bibl\905799
-- 2001#$aСобрание сочинений$vТ. 1
Системный номер (АБИС) связанной записи 1737260
Автор Маршак, С. Я. (1887-1964)
Место публикации Москва
Дата публикации 2005
Первые сведения об ответственности С. Маршак
Имя издателя, распространителя и т.д. АСТ
Сведения, относящиеся к заглавию в 4 т. : [для дошкольного возраста]
Заглавие Собрание сочинений
ISBN 5-17-013569-6
Номер тома Т. 1
512 1# - ЗАГЛАВИЕ ОБЛОЖКИ
Связь между полями z20790
Заглавие обложки Сказки; Стихи; Английские песенки, прибаутки; Чешские песенки, прибаутки; Пьесы
790 #1 - ИМЯ ЛИЦА - АЛЬТЕРНАТИВНАЯ ФОРМА
Код отношения Автор
Графика поля Кириллица
Материалы, к которым относится поле rus
Начальный элемент ввода Маршак
Часть имени, кроме начального элемента ввода С. Я.
Даты 1887-1964
Расширение инициалов личного имени Самуил Яковлевич
Системный номер авторитетной/нормативной записи 114767
Идентификатор авторитетной/нормативной записи RU\NLR\auth\774792
801 #0 - ИСТОЧНИК ЗАПИСИ
Страна Российская Федерация
Организация NLR
Дата составления 20051213
Правила каталогизации rcr
801 #1 - ИСТОЧНИК ЗАПИСИ
Страна Российская Федерация
Организация NLR
Дата составления 20051213
942 ## - ДОПОЛНИТЕЛЬНЫЕ ЭЛЕМЕНТЫ ЗАПИСИ (АБИС)
Тип экземпляра АБИС Книга
980 ## - КОЛЛЕКЦИЯ
Название коллекции Национальная библиография
Экземпляры
Тип экземпляра Дата поступления Источник поступления Библиотека постоянного хранения Библиотека текущего хранения Место хранения Шифр хранения Штрих-код Статус экземпляра
Книга 13.12.2005 Обязательный экземпляр РНБ (Московский) РНБ (Московский) Русский книжный фонд: издания с 1957 года 2005-5/9860 2077186  
Книга 13.12.2005 Обязательный экземпляр РНБ (Московский) РНБ (Московский) Обменный фонд   2077187